British Panel Shows - Statistics

General Stats
  • This quiz has been taken 1,115 times
    272 since last reset
  • The average score is 6 of 9
Answer Stats
Host Programme % Correct
Rob Brydon Would I Lie To You?
89%
Sandi Toksvig QI
87%
Jimmy Carr 8 Out of 10 Cats
83%
Dara Ó Briain Mock the Week
80%
Various (formerly Angus Deayton) Have I Got News For You
69%
Keith Lemon Celebrity Juice
51%
James Corden A League of Their Own
42%
Greg Davies Never Mind the Buzzcocks
37%
Paddy McGuinness A Question of Sport
30%
No matching quizzes found
Score Distribution
Percent of People with Each Score
Percentile by Number Answered
Your Score History
You have not taken this quiz since the last reset